Developments in steelmaking capacity of non-OECD countries Les capacités de production d'acier dans les pays non OCDE.
| Título anterior: | Steelmaking capacity in non-OECD countries Steelmaking capacity in non-OECD countries. French. Capacités de production d'acier dans les pays non OCDE |
|---|---|
| Autor Corporativo: | |
| Formato: | Electrónico Seriadas |
| Lenguaje: | inglés francés |
| Publicado: |
Paris, France :
Organisation for Economic Co-operation and Development,
c1999-
|
| Colección: | OECD documents.
|
| Materias: | |
| Acceso en línea: | Full text available from Research Library: 01/01/2010 to 12/31/2010 Full text available from Research Library: 01/01/2013 to 01/31/2013 |
MARC
| LEADER | 00000nas a2200000 a 4500 | ||
|---|---|---|---|
| 001 | ssj0000398528 | ||
| 003 | WaSeSS | ||
| 005 | 20200512172242.0 | ||
| 006 | m d | ||
| 007 | cr n | ||
| 008 | 990323c19999999fr gr ss i0 0eng c | ||
| 010 | |a sn 99047436 | ||
| 016 | 7 | |a 007167462 |2 Uk | |
| 022 | |a 1999-1606 |l 1563-0927 |y 1563-0927 | ||
| 035 | |a (WaSeSS)ssj0000398528 | ||
| 040 | |a WAU |b eng |c WAU |d IUL |d DLC |d TXA |d MUQ |d MYG |d CUS |d MYG |d WAU |d OCL |d CUS |d OCLCQ |d UKMGB |d HLS |d OCLCF |d OCLCO |d OCL |d WaSeSS | ||
| 041 | 0 | |a eng |a fre | |
| 042 | |a pcc | ||
| 043 | |a ee----- |a d------ | ||
| 050 | 0 | 0 | |a HD9510.1 |b .S75 |
| 245 | 0 | 0 | |a Developments in steelmaking capacity of non-OECD countries |h [electronic resource] = |b Les capacités de production d'acier dans les pays non OCDE. |
| 246 | 1 | |i Vols. for 2003- have title: |a Developments in steelmaking capacity of non-OECD economies = Les capacités de production d'acier dans les économies non membres de l'OCDE | |
| 246 | 3 | 1 | |a Capacités de production d'acier dans les pays non OCDE |
| 260 | |a Paris, France : |b Organisation for Economic Co-operation and Development, |c c1999- | ||
| 310 | |a Biennial | ||
| 362 | 0 | |a 1999 ed.- | |
| 490 | 1 | |a OECD documents | |
| 506 | |a License restrictions may limit access. | ||
| 546 | |a English and French. | ||
| 550 | |a Prepared by the OECD Secretariat of the Steel Committee. | ||
| 580 | |a Formed by the union of: Steelmaking capacity in non-OECD countries; and its corresponding French ed.: Steelmaking capacity in non-OECD countries. French. Capacités de production d'acier dans les pays non OCDE. | ||
| 588 | |a Latest issue consulted: 2008. | ||
| 650 | 0 | |a Steel industry and trade |x Industrial capacity |v Periodicals. | |
| 650 | 0 | |a Steel industry and trade |x Industrial capacity |z Europe, Eastern |v Periodicals. | |
| 650 | 0 | |a Steel industry and trade |x Industrial capacity |z Developing countries |v Periodicals. | |
| 650 | 6 | |a Acier |x Industrie et commerce |x Capacité de production |v Statistiques |v Périodiques | |
| 650 | 6 | |a Acier |x Industrie et commerce |x Capacité de production |z Pays en voie de développement |v Statistiques |v Périodiques | |
| 650 | 6 | |a Acier |x Industrie et commerce |x Capacité de production |z Europe de l'Est |v Statistiques |v Périodiques | |
| 650 | 7 | |a Steel industry and trade |x Industrial capacity. |2 fast |0 (OCoLC)fst01132675 | |
| 651 | 7 | |a Developing countries. |2 fast |0 (OCoLC)fst01242969 | |
| 651 | 7 | |a Eastern Europe. |2 fast |0 (OCoLC)fst01245079 | |
| 655 | 0 | |a Electronic journals. | |
| 710 | 2 | |a OECD Steel Committee. | |
| 780 | 1 | 4 | |t Steelmaking capacity in non-OECD countries |w (DLC) 95651384 |w (OCoLC)33114273 |
| 780 | 1 | 4 | |t Steelmaking capacity in non-OECD countries. French. Capacités de production d'acier dans les pays non OCDE |x 1026-1885 |
| 830 | 0 | |a OECD documents. | |
| 850 | |a DLC |a InU |a WaU | ||
| 853 | 2 | 0 | |8 1 |a ed. |w g |
| 856 | 4 | 0 | |z Full text available from Research Library: 01/01/2010 to 12/31/2010 |u https://search.proquest.com/publication/2026428 |
| 856 | 4 | 0 | |z Full text available from Research Library: 01/01/2013 to 01/31/2013 |u https://search.proquest.com/publication/2026428 |
| 863 | 4 | 1 | |8 1.1 |a 1999 |